Picasso: cubismo, 1907-1917

Gorde:
Xehetasun bibliografikoak
Egile nagusia: Palau i Fabre, Josep (autor)
Formatua: Liburua
Hizkuntza:gaztelania
Argitaratua: Barcelona Polígrafa 1990
Gaiak:
Etiketak: Etiketa erantsi
Etiketarik gabe, Izan zaitez lehena erregistro honi etiketa jartzen!

MARC

LEADER 00000nam a2200000 a 4500
001 UCM5717
003 CL-VaPUC
008 021018e19900000SP |||||||||||||||||spa|d
082 0 4 |a 709.04032  |b PAL  |2 21 
100 |a Palau i Fabre, Josep  |e autor  |9 572098 
245 1 0 |a Picasso: cubismo, 1907-1917 
300 |a 529 p 
942 |c BK 
945 |d 20021018 00:00:00  |a vberengu 
260 |a Barcelona  |b Polígrafa  |c 1990 
600 0 7 |a PICASSO, PABLO 1881-1973  |2 CL-VaPUC  |9 458133 
650 0 |a Cubismo  |9 265275 
650 0 |a Arte moderno  |9 265333 
650 0 |a Arte   |y Siglo 20  |9 267709 
650 0 |a Pintores españoles  |9 315216 
583 |a last modification  |c 20021018 00:00:00  |k Rodrigo Vera 
999 |c 301577  |d 301575 
952 |0 0  |1 0  |4 0  |6 709_040320000000000_PAL_1990  |7 0  |8 F  |9 360723  |a BIBARQ  |b BIBARQ  |d 2019-11-21  |i 3842819  |o 709.04032 PAL 1990  |p 3842819  |r 2025-01-20  |w 2019-11-21  |y BK_F  |k ARQ